000 00325nam a2200133 i 4500
001 bg
245 0 _aNovye elementy sistem avtomatiki, telemechaniki i vycislitelnoj techniki.
250 _aVyp.2.
260 _aMinsk,
_c1972.
040 _cBPK
041 _apol
942 _cKS
008 s pl f |000 0 pol
999 _c15042
_d15042
856 _uhttp://koha.tu.koszalin.pl/cgi-bin/koha/opac-detail.pl?biblionumber=15042
_yKatalog online BPK